000 00448nam a2200181Ia 4500
005 20240823041031.0
008 240823s9999||||xx |||||||||||||| ||und||
041 _aENGLISH
082 _A658.4063 09054 N3
100 _aChakraborty S K
245 0 _aManagerial Transformation by Values
250 _a1st
260 _c1993
_b"Sage,New Delhi"
500 _aYES
650 _aTransformers
_bManagement Studies
942 _cBK
999 _c204532
_d204532